MARC

LEADER 00000nam0a2200000 4500
001 310528
005 20231102002309.0
020 |a RU  |b 82-10574 
035 |a (RuTPU)RU\TPU\book\335878 
090 |a 310528 
100 |a 20151126d1981 k y0rusy5003 ca 
101 0 |a rus 
102 |a RU 
105 |a a z 001zy 
200 1 |a Поиски и прогнозная оценка глубокозалегающих месторождений скарново-магнетитовой формации  |e сборник научных трудов  |f Всесоюзный научно-исследовательский институт минерального сырья ; под ред. Н. Г. Шмидта 
210 |a Москва  |c Изд-во ВИМС  |d 1981 
215 |a 95 с.  |c ил. 
320 |a Библиография в конце статей 
606 1 |a Магнетитовые руды  |x Месторождения  |2 stltpush  |3 (RuTPU)RU\TPU\subj\40713  |9 60553 
610 1 |a поиски 
610 1 |a разведка 
610 1 |a прогнозная оценка 
610 1 |a глубокозалегающие месторождения 
610 1 |a скарново-магнетитовые месторождения 
610 1 |a геологоразведочные работы 
610 1 |a оптимизация 
610 1 |a геофизические исследования 
675 |a 553.311  |z rus  |v 3 
702 1 |a Шмидт  |b Н. Г.  |4 340 
712 0 2 |a Всесоюзный научно-исследовательский институт минерального сырья  |c (Москва)  |c (1934-1991)  |2 stltpush  |3 (RuTPU)RU\TPU\col\18352  |9 27006 
801 0 |a RU  |b RuMRKP  |c 19950704  |g psbo 
801 1 |a RU  |b 63413507  |c 20151126 
801 2 |a RU  |b 63413507  |c 20180926  |g RCR 
942 |c BK